000 00513nam a2200169 4500
001 138954
003 ES-MaACL
005 20230906195655.0
007 t|
008 070214s1952 fr r ||||1| fre d
100 1 _aSaporta, Marcello.
_9103726
245 1 4 _aLes Projets de Pool européen des transports aériens /
_cMarcello Saporta.
260 _aParis :
_bRecueil,
_c1952.
300 _a20 p. ;
_c25 cm.
500 _aExtrait de Revue Française de Droit Aérien.
852 _aES-MaACL
_j1950-F-25
_bR.32671
999 _c138954
_d138954